00317nam a2200121Ia 4500008004100000082002000041100001100061245003900072250000800111260004900119300001000168650001700178150201s2001 xx 000 0 und d a612.015bC2001S aASAINI aCLINICAL BIOCHEMISTRY IN DIAGNOSIS a1ST bC.B.S PUBLISHERS & DISTRIBUTERSaDELHIc2001 a1-434 aBIOCHEMISTRY